000 00560nam a22002057a 4500
005 20260604131630.0
008 260515b |||||||| |||| 00| 0 eng d
020 _a9781138385979
_c4495.00
040 _aMAIN
041 _aEnglish
082 _a005.82
_bMEN
100 _aMenezes, Alfred J.
_922502
245 _aHandbook of Applied Cryptography
260 _aNew York
_bCRC Pres
_c2025
300 _a780
650 _aComputer Science (PM (USHA)
_926808
700 _aOorschot, Paul C. Van
_922503
700 _aVanstone, Scott A.
_922504
942 _cBK
999 _c60809
_d60809